| 000 | 00703nam a2200229Ia 4500 | ||
|---|---|---|---|
| 003 | OSt | ||
| 005 | 20220928123941.0 | ||
| 006 | a|||||r|||| 00| 0 | ||
| 007 | ta | ||
| 008 | 220927b |||||||| |||| 00| 0 eng d | ||
| 024 | _a26821 | ||
| 037 | _cTextual | ||
| 040 |
_aSDCL _cSDCL _beng |
||
| 041 |
_2eng _aeng |
||
| 082 | _aX9W:8N9.2'N8, M4 | ||
| 100 |
_aNarain Laxmi _9446778 |
||
| 245 | 0 |
_aWorker's participation in public enterprises _b A macro and micro-level survey and report of a national seminar |
|
| 260 |
_aBombay _bHimalaya Publishing House _c1984 |
||
| 300 |
_axv,262p _ccm. |
||
| 942 |
_hX9W:8N9.2'N8, M4 _cTEXL _2CC |
||
| 999 |
_c775488 _d775488 |
||